O ano da dançarina (Record no. 15596)

MARC details
000 -Etiqueta do registo
Valores 00589nam a2200205 4500
010 ## - Número ISBN
ISBN 9789897543029
021 ## - Número do Depósito Legal
Número 423233/17
100 ## - Dados gerais de processamento
Dados gerais 20170626d2017 m y0pory50030103ba
200 1# - Titulo e menção de responsabilidade
Título próprio O ano da dançarina
Primeira menção de responsabilidade Carla M. Soares
205 ## - Menção da edição
Edição 1ª ed
210 #9 - Publicação
Local de publicação Barcarena
Nome do editor Marcador,
Data de publicação 2017
215 ## - Descrição física 
Paginação / Volumes 391 p.
Dimensões 23 cm
300 ## - Notas gerais 
Texto da nota PADES
675 ## - CDU
Notação 821.134.3-31"20"
Edição BN
Língua por
700 #1 - Autor principal (pessoa individual)
Apelido Soares,
Nome Carla M.,
Datas 1971-
801 #0 - Fonte de origem
País PT
Agência BN
Regras de catalogação RPC
856 41 - Localização e acesso electrónico 
URL <a href="http://rnod.bnportugal.gov.pt/ImagesBN/winlibimg.aspx?skey=&doc=1966066&img=95695&save=true">http://rnod.bnportugal.gov.pt/ImagesBN/winlibimg.aspx?skey=&doc=1966066&img=95695&save=true</a>
990 ## - Elementos KOHA
Tipo de documento Livro
Holdings
Situação do levantamento Estado Número Biblioteca de origem Código de barras Cota Permissão de empréstimo Tipo de documento Forma de aquisição
    BMA Biblioteca Municipal do Alandroal 15563/21 821.134.3*-311.6 SOA   Livro Compra

Powered by Koha